The road to "Mr. universe" / (Record no. 184057)
[ view plain ]
| 000 -LEADER | |
|---|---|
| fixed length control field | 01088 a2200181 4500 |
| 003 - CONTROL NUMBER IDENTIFIER | |
| control field | Nust |
| 005 - DATE AND TIME OF LATEST TRANSACTION | |
| control field | 20230104113918.0 |
| 040 ## - CATALOGING SOURCE | |
| Transcribing agency | Nust |
| 082 ## - DEWEY DECIMAL CLASSIFICATION NUMBER | |
| Classification number | 646.75,ASL |
| 100 ## - MAIN ENTRY--PERSONAL NAME | |
| Personal name | Aslam , Mohammad |
| 9 (RLIN) | 106742 |
| 245 ## - TITLE STATEMENT | |
| Title | The road to "Mr. universe" / |
| Statement of responsibility, etc. | Mohammad Aslam |
| 260 ## - PUBLICATION, DISTRIBUTION, ETC. | |
| Place of publication, distribution, etc. | Karachi |
| Name of publisher, distributor, etc. | karachi printing press. |
| Date of publication, distribution, etc. | 1981 |
| 300 ## - PHYSICAL DESCRIPTION | |
| Extent | 328 p |
| Other physical details | illus |
| Dimensions | 24 cm |
| 505 ## - FORMATTED CONTENTS NOTE | |
| Formatted contents note | Preface (Page-1), A Word of Caution (Page-3), What is the necessity of developing a physique (Page-6), Opinion of famous Bodybuilders and Health Authorities of the World (Page-121), Body weight Chart (Page-205) Thoughts of some Great Men on BodyBuilding (Page-206), Stories to Give Inspiration (Page-220), Methuselahs and the Secret of their Long Lives (Page-295), Qualities to Cultivate (Page-298) Continuous Struggle (Page-298), Discussion (Page-303), Training the Legs (Page-308), Abdominal Area (Page-312), Broad Shoulders (Page-314), Chest Muscularity (Page-316), Excerising the Neck Muscles (Page 324). |
| 600 ## - SUBJECT ADDED ENTRY--PERSONAL NAME | |
| Personal name | Aslam , Mohammad |
| 9 (RLIN) | 106742 |
| 650 ## - SUBJECT ADDED ENTRY--TOPICAL TERM | |
| Topical term or geographic name entry element | The road to "mr. universe" |
| 9 (RLIN) | 106743 |
| 942 ## - ADDED ENTRY ELEMENTS (KOHA) | |
| Source of classification or shelving scheme | |
| Koha item type | Book |
| Withdrawn status | Lost status | Source of classification or shelving scheme | Damaged status | Not for loan | Permanent Location | Current Location | Shelving location | Date acquired | Full call number | Barcode | Date last seen | Price effective from | Koha item type | Public note | Collection code | Total Checkouts |
|---|---|---|---|---|---|---|---|---|---|---|---|---|---|---|---|---|
| Military College of Signals (MCS) | Military College of Signals (MCS) | General Stacks | 12/12/2016 | 646.75,ASL | MCS21637 | 12/08/2016 | 12/12/2016 | Book | Almirah No.42, Shelf No.2 | |||||||
| Military College of Signals (MCS) | Military College of Signals (MCS) | 12/12/2016 | 646.75 ASL | MCS21638 | 12/08/2016 | 12/12/2016 | Book | |||||||||
| Military College of Signals (MCS) | Military College of Signals (MCS) | 12/12/2016 | 646.75 ASL | MCS21694 | 12/08/2016 | 12/12/2016 | Book |
